000
00301nam a2200133Ia 4500
005
20251222143150.0
008
251222s9999||||xx |||||||||||||| ||spa||
020
_a
970-26-0097-9
082
_a
658.15/B68
100
_a
Bodie, Zvi
245
0
_a
Finanzas
264
_b
Pearson Educación
942
_c
LIB
999
_c
12636
_d
12636